00689nam a2200229Ia 4500001000600000003000900006008004100015040001300056040001300069041001300082100002100095100002900116245005500145245004900200250001100249260001100260260002100271260004900292300005900341650002800400650003100428 1769IT-RoPAU130308s9999 xx 000 0 und d aIT-RoPAU cIT-RoPAU aITALIANO aBraccesi Lorenzo gCodice Aut. SPICS: 8875 aLivio e la tematica d'Alessandro in età augustea bCanali della propaganda nel Mondo Antico (I) a1a ed. aMILANO bVita e Pensiero  c1976 [1° Ed.:1976 - Ed.Ling.Originale:1976] a"21 p. (prefazione: no ; testo: 21 [pagine: 179-199])" aSTORIA DELLA PROPAGANDA eCodice materia Spics: 6258